000 01227nam a2200313 a 4500
001 ebr10676311
003 CaPaEBR
006 m u
007 cr cn|||||||||
008 080925s2008 nyua sb 001 0 eng d
010 _z 2008041200
020 _z9781606922163 (hardcover)
020 _z1606922165 (hardcover)
020 _z9781616680749 (e-book)
040 _aCaPaEBR
_cCaPaEBR
035 _a(OCoLC)847617127
050 1 4 _aHV6024.5
_b.Y44 2008eb
082 0 4 _a364.072
_222
100 1 _aYeboah, David A.
245 1 0 _aResearch methodologies in criminology
_h[electronic resource] /
_cDavid A. Yeboah.
260 _aNew York :
_bNova Science Publishers,
_cc2008.
300 _a188 p. :
_bill. (some col.)
504 _aIncludes bibliographical references (p. [177]-178) and index.
533 _aElectronic reproduction.
_bPalo Alto, Calif. :
_cebrary,
_d2013.
_nAvailable via World Wide Web.
_nAccess may be limited to ebrary affiliated libraries.
650 0 _aCriminology
_xResearch
_xMethodology.
655 7 _aElectronic books.
_2local
710 2 _aebrary, Inc.
856 4 0 _uhttp://site.ebrary.com/lib/rucke/Doc?id=10676311
_zAn electronic book accessible through the World Wide Web; click to view
999 _c58674
_d58674